| 000 -LEADER |
| fixed length control field |
00479nam a22001697a 4500 |
| 020 ## - INTERNATIONAL STANDARD BOOK NUMBER |
| International Standard Book Number |
9789385528835 |
| 082 ## - DEWEY DECIMAL CLASSIFICATION NUMBER |
| Classification number |
305.800 954 |
| Item number |
CHA/T |
| 100 ## - MAIN ENTRY--PERSONAL NAME |
| Personal name |
Chandalia H S |
| 9 (RLIN) |
48165 |
| 245 ## - TITLE STATEMENT |
| Title |
Tribal literature, culture and knowledge systems/ |
| Statement of responsibility, etc. |
by Chandalia H S |
| 260 ## - PUBLICATION, DISTRIBUTION, ETC. |
| Place of publication, distribution, etc. |
Jaipur: |
| Name of publisher, distributor, etc. |
Yking Books, |
| Date of publication, distribution, etc. |
2017. |
| 300 ## - PHYSICAL DESCRIPTION |
| Extent |
150p. |
| 650 ## - SUBJECT ADDED ENTRY--TOPICAL TERM |
| Topical term or geographic name entry element |
Ethinical Group |
| 9 (RLIN) |
48166 |
| 650 ## - SUBJECT ADDED ENTRY--TOPICAL TERM |
| Topical term or geographic name entry element |
Tribal Culture |
| 9 (RLIN) |
48167 |
| 650 ## - SUBJECT ADDED ENTRY--TOPICAL TERM |
| Topical term or geographic name entry element |
Tribes India |
| 9 (RLIN) |
48168 |
| 650 ## - SUBJECT ADDED ENTRY--TOPICAL TERM |
| Topical term or geographic name entry element |
Social Sciences |
| 9 (RLIN) |
48169 |
| 942 ## - ADDED ENTRY ELEMENTS (KOHA) |
| Koha item type |
Book |